00637nam a2200169 i 450000100060000000300090000600500170001500700030003200800410003510000260007624501400010226000320024230000220027485200320029699900170032895201220034595008ES-MaACL20230906181619.0t|050519s1971 sp ||||1| spa d1 aLugon, Clovis.97466214aLos religiosos a debate b: partiendo de una experiencia: la Abadía de Aulps / cClovis Lugon; traducción del francés por Diorki. aMadrid : bStudium, c1971. a256 p. ; c22 cm. aES-MaACLjC-47541 bR.79902 c95008d95008 00104070aATENEOMbATENEOMcDEPO2d2008-01-17eSCl0oC-47541p1099216r2023-02-23 00:00:00w2023-02-23yMONOGRAFIA